000 00571nam a2200193 i 4500
001 150087
003 ES-MaACL
005 20250624062529.0
007 t|
008 071026s1960 sp ||||1| spa d
100 1 _aValle-Inclán, Ramón del,
_d1866-1936
_9112796
245 1 3 _aLa lámpara maravillosa :
_bejercicios espirituales /
_cde Ramón del Valle-Inclán.
250 _a2ª ed.
260 _a[Madrid] :
_bEspasa Calpe,
_c[1960]
300 _a149 p. ;
_c18 cm.
852 _aES-MaACL
_jF-11234
_bR.47188
942 _2udc
999 _c150087
_d150087